000 02158 a2200205 4500
020 _a0887307663
020 _a9780887307669
082 0 4 _a650.1
090 _c1959
_d1959
100 1 _aDow, Roger J.
245 1 0 _aTurned on :
_beight vital insights to energize your people, customers, and profits /
_cRoger J. Dow.
250 _a1st ed.
260 _a[S.l.] :
_bHarperBusiness,
_c1996.
300 _a336 p. ;
_c24 cm.
500 _aHardcover.
520 _a" Turned On captures the passion and energy of people who thrive on making things better every day for their customers, organizations and themselves." Ken Blanchard, Chairman, Blanchard Training and Development, co-author, Raving Fans and The One Minute Manager "Impressive examples of what people working toward a common goal can accomplish. The hospitals and inner-city communities profiled are laying groundwork to turn around our cities and healthcare." Jack Kemp, Co-Director, Empower America "Turned On is the definitive book on leading ordinary companies to extraordinary customer satisfaction and profits, using proven principles practiced by the best and brightest organizations" Charles Schwab & Co., Mary Kay Cosmetics, Intel, USAA, Xerox, Levi Strauss & Co., SEMATECH and The Ritz-Carlton, to name a few. Roger Dow and Susan Cook focus on the human aspects of these star companies, then show how managers can follow their example to energize their own people, customers and profits. With action checklists, brain teasers and firsthand accounts, Turned On offers managers and employees at all levels lessons that bring immediate results. Turned On guides managers in enabling their people to take control of their jobs, think in new ways and find no-nonsense, commonsense approaches to working better. The insights are real, from the front line and provide the much needed clarity, faith and hope vital to working in today's tumultuous, high-stress environment.
856 4 0 _3Amazon.com
_uhttp://www.amazon.com/exec/obidos/ASIN/0887307663/chopaconline-20
856 4 0 _3Amazon customer reviews
_uhttp://www.chopac.org/cgi-bin/tools/azrev.pl?q=0887307663
942 _aNBS
_cBK
_k650.1 DOW
999 _c344463
_d344463